000
00346 a2200157 4500
001
151954
040
_c
Escola São Tomás de Aquino
100
_a
RENNÓ, Cecilia.
240
1
0
_a
Tá ligado ?
_l
por
245
1
0
_a
Tá ligado ?
300
_a
39
362
0
_a
2008
440
1
_a
Editora do Brasil
697
_a
*LITERATURA JUVENIL
942
_c
BK
999
_c
151954
_d
151954